Pintura en Hispanoamérica (Record no. 8084)
[ view plain ]
| 000 -CABECERA | |
|---|---|
| campo de control de longitud fija | 01178nam a2200289 a 4500 |
| 001 - NÚMERO DE CONTROL | |
| campo de control | BRCA_8416 |
| 005 - FECHA Y HORA DE LA ÚLTIMA TRANSACCIÓN | |
| campo de control | 20190320210254.0 |
| 008 - DATOS DE LONGITUD FIJA--INFORMACIÓN GENERAL | |
| campo de control de longitud fija | 010715s2014----sp-a######---#000-0#spa-# |
| 020 ## - NÚMERO INTERNACIONAL ESTÁNDAR DEL LIBRO | |
| Número Internacional Estándar del Libro | 9788494006166 |
| 041 ## - CÓDIGO DE LENGUA | |
| Código de lengua del texto/banda sonora o título independiente | spa |
| 044 ## - CÓDIGO DEL PAÍS DE LA ENTIDAD EDITORA/PRODUCTORA | |
| Código MARC del país | sp |
| 050 #4 - SIGNATURA TOPOGRÁFICA DE LA BIBLIOTECA DEL CONGRESO | |
| Número de clasificación | ND202.2 |
| Número de documento/Ítem | .P56 2014 |
| 245 10 - MENCIÓN DE TÍTULO | |
| Título | Pintura en Hispanoamérica |
| Resto del título | 1550-1820 |
| Mención de responsabilidad, etc. | edición de Luisa Elena Alcalá y Jonathan Brown ; con textos de Jaime Cuadriello, Eduardo de J. Douglas, Ilona Katzew, Hiroshige Okada y Luis Eduardo Wuffarden. |
| 260 ## - PUBLICACIÓN, DISTRIBUCIÓN, ETC. | |
| Lugar de publicación, distribución, etc. | Madrid |
| Nombre del editor, distribuidor, etc. | El Viso |
| Fecha de publicación, distribución, etc. | 2014 |
| 300 ## - DESCRIPCIÓN FÍSICA | |
| Extensión | 477 p. |
| Otras características físicas | il. a color, mapas |
| Dimensiones | 30 cm. |
| 500 ## - NOTA GENERAL | |
| Nota general | Incluye índice de nombres e índice de ilustraciones |
| 500 ## - NOTA GENERAL | |
| Nota general | Incluye piezas de la colección Franz Mayer: p. 63 y 114 |
| 504 ## - NOTA DE BIBLIOGRAFÍA, ETC. | |
| Nota de bibliografía, etc. | Bibliografía : p. 437-461 |
| 650 14 - PUNTO DE ACCESO ADICIONAL DE MATERIA--TÉRMINO DE MATERIA | |
| Término de materia o nombre geográfico como elemento de entrada | Pintura colonial |
| Subdivisión general | Temas, motivos |
| Subdivisión geográfica | América Latina |
| 9 (RLIN) | 21077 |
| 650 14 - PUNTO DE ACCESO ADICIONAL DE MATERIA--TÉRMINO DE MATERIA | |
| Término de materia o nombre geográfico como elemento de entrada | Pintura latinoamericana |
| Subdivisión general | Temas, motivos |
| 9 (RLIN) | 21078 |
| 650 14 - PUNTO DE ACCESO ADICIONAL DE MATERIA--TÉRMINO DE MATERIA | |
| Término de materia o nombre geográfico como elemento de entrada | Arte indígena |
| Subdivisión general | Temas, motivos |
| Subdivisión geográfica | América Latina |
| 9 (RLIN) | 21079 |
| 650 14 - PUNTO DE ACCESO ADICIONAL DE MATERIA--TÉRMINO DE MATERIA | |
| Término de materia o nombre geográfico como elemento de entrada | Arte y sociedad |
| Subdivisión geográfica | América Latina |
| 9 (RLIN) | 21080 |
| 700 1# - PUNTO DE ACCESO ADICIONAL--NOMBRE DE PERSONA | |
| Nombre de persona | Alcalá, Luisa Elena |
| Término indicativo de función/relación | ed. |
| 9 (RLIN) | 21081 |
| 700 1# - PUNTO DE ACCESO ADICIONAL--NOMBRE DE PERSONA | |
| Nombre de persona | Brown, Jonathan |
| Fechas asociadas al nombre | 1939- |
| Término indicativo de función/relación | ed. |
| 9 (RLIN) | 5133 |
| 700 1# - PUNTO DE ACCESO ADICIONAL--NOMBRE DE PERSONA | |
| Nombre de persona | Cuadriello, Jaime |
| 9 (RLIN) | 4695 |
| 942 ## - ELEMENTOS DE PUNTO DE ACCESO ADICIONAL (KOHA) | |
| Fuente del sistema de clasificación o colocación | Library of Congress Classification |
| Tipo de ítem Koha | Libros |
| Estado de retiro | Estado de pérdida | Estado dañado | No para préstamo | Localización permanente | Ubicación/localización actual | Fecha de adquisición | Total de préstamos | Signatura topográfica completa | Código de barras | Fecha visto por última vez | Precio válido a partir de | Tipo de ítem Koha |
|---|---|---|---|---|---|---|---|---|---|---|---|---|
| El ejemplar forma parte de la colección y puede ser consultado según las políticas vigentes. | Biblioteca del Museo Franz Mayer (Rogerio Casas-Alatriste) | Biblioteca del Museo Franz Mayer (Rogerio Casas-Alatriste) | 01/07/2015 | ND202.2 .P56 2014 | 02873 | 22/03/2019 | 22/03/2019 | Libros |